000 00444nam a22001817a 4500
003 MPLRDC
005 20220104125624.0
008 210129b ||||| |||| 00| 0 eng d
020 _a962-357-443-6
082 _a857.9 XYH v.3
100 _a萧玉寒
245 _a风水异侠传之三: 寻龙侠侣
_c
260 _a
_b明河出版社
_c
300 _b
490 _a武侠系列
650 _a武侠小说
942 _cBK
_o857.9 XYH v.3
999 _c28824
_d28814